|
|
|
|
| LEADER |
01414nam a2200289 a 4500 |
| 001 |
16822 |
| 003 |
BD-DhAAL |
| 008 |
100510r20062004caua 001 0 eng d |
| 010 |
|
|
|a 2003046101
|
| 020 |
|
|
|a 0805376135
|
| 040 |
|
|
|a DLC
|c DLC
|d DLC
|d BD-DhAAL
|
| 082 |
0 |
0 |
|a 579
|2 23
|
| 100 |
1 |
|
|a Tortora, Gerard J.
|9 40216
|
| 245 |
1 |
0 |
|a Microbiology :
|b an introduction /
|c Gerard J. Tortora, Berdell R. Funke, Christine L. Case.
|
| 250 |
|
|
|a Eight edition.
|
| 260 |
|
|
|a San Francisco, CA :
|b Benjamin Cummings ;
|a New Delhi :
|b Pearson education,
|c c2004 [third impression 2006].
|
| 300 |
|
|
|a xxiii, 898 pages :
|b illustrations (some colors) ;
|c 28 cm +
|e 1 CD-ROM (4 3/4 in.)
|
| 500 |
|
|
|a Includes index.
|
| 526 |
|
|
|a MNS
|x Iftekhar Mohammad Shafiqul Kalam
Faculty member of Mathematics and Natural Sciences (MNS)
Course Title and No. : N/A
|
| 541 |
1 |
|
|a Paragon Enterprises Ltd
|e 16822
|
| 650 |
|
0 |
|a Microbiology.
|9 40217
|
| 700 |
1 |
|
|a Funke, Berdell R.
|9 40218
|
| 700 |
1 |
|
|a Case, Christine L.,
|d 1948-
|9 40219
|
| 852 |
4 |
|
|a Ayesha Abed Library
|c General Stacks
|
| 942 |
0 |
0 |
|0 2
|2 ddc
|c BK
|
| 999 |
|
|
|c 8481
|d 8481
|
| 952 |
|
|
|0 0
|1 0
|2 ddc
|4 0
|6 579_TOR_200600000000000
|7 0
|9 9988
|a BRACUL
|b BRACUL
|c GEN
|d 2010-05-10
|e Paragon Enterprises Ltd
|g 2238.00
|l 70
|m 327
|o 579 TOR
|p 3010016822
|q 2026-06-02
|r 2026-04-19
|s 2026-04-19
|t 1
|w 2010-05-10
|y BK
|x Requisitioned by Iftekhar Mohammad Shafiqul Kalam, Faculty member of Mathematics and Natural Sciences (MNS).
|